Los ( Mal) Tratados de Libre Comercio /

Furkejuvvon:
Bibliográfalaš dieđut
Váldodahkki: Aguilar Sánchez, Carlos Guillermo
Searvvušdahkki: DEI
Eará dahkkit: comp
Materiálatiipa: Texto
Almmustuhtton: San José: DEI
Fáddágilkorat: Lasit fáddágilkoriid
Eai fáddágilkorat, Lasit vuosttaš fáddágilkora!

MARC

LEADER 00000 a a2200000 04500
001 29788
003
040
020 |a 9977-83-142-4  
090 |a 193309  
100 |a Aguilar Sánchez, Carlos Guillermo  
110 |a DEI  
245 |a Los ( Mal) Tratados de Libre Comercio /  |c Carlos Guillermo Aguilar Sánchez 
260 |a San José:   |b DEI  
300 |a 198 p  
700 |a comp  
999 |c 10650  |d 10650